12 Random Countries with Neighbours on the World Map - Whammies - Statistics

General Stats
  • This quiz has been taken 217 times
  • The average score is 5 of 12
Answers on the Map
Answers color-coded by a green-red scale on the quiz's map according to % correct below.
 
Answer Stats
Country % Correct
Canada
100%
Gambia
100%
Honduras
100%
Iceland
100%
Mexico
100%
Russia
100%
United States
100%
Australia
86%
France
86%
Iraq
86%
Slovenia
86%
Belize
80%
Nicaragua
80%
Sweden
80%
Germany
78%
Argentina
75%
Benin
75%
Colombia
75%
India
75%
Mongolia
75%
South Korea
75%
Sudan
75%
Bolivia
71%
Saudi Arabia
71%
Bahamas
67%
Bangladesh
67%
Brazil
67%
Costa Rica
67%
Guatemala
67%
Japan
67%
Peru
67%
Solomon Islands
67%
Uruguay
67%
Venezuela
67%
Cuba
63%
Egypt
63%
China
60%
Denmark
60%
Madagascar
60%
Togo
60%
Tunisia
60%
United Kingdom
60%
Morocco
58%
United Arab Emirates
58%
Belarus
57%
Ecuador
57%
New Zealand
57%
Philippines
57%
Vietnam
56%
Andorra
50%
Azerbaijan
50%
Bhutan
50%
Bulgaria
50%
Democratic Republic of the Congo
50%
Dominican Republic
50%
Federated States of Micronesia
50%
Fiji
50%
Iran
50%
Ireland
50%
Lesotho
50%
Mozambique
50%
Netherlands
50%
Pakistan
50%
Paraguay
50%
Sri Lanka
50%
Suriname
50%
Switzerland
50%
Thailand
50%
Tonga
50%
Finland
46%
Mali
44%
Cambodia
43%
Central African Republic
43%
Ethiopia
43%
Hungary
43%
Israel
43%
Kazakhstan
43%
Libya
43%
Norway
43%
South Africa
43%
Botswana
40%
Haiti
40%
Jordan
40%
Lebanon
40%
Myanmar
40%
Nepal
40%
North Korea
40%
São Tomé and Príncipe
40%
Senegal
40%
Seychelles
40%
Spain
40%
Uganda
40%
Georgia
38%
Belgium
33%
Bosnia and Herzegovina
33%
Cameroon
33%
Chile
33%
Comoros
33%
Croatia
33%
Djibouti
33%
Eritrea
33%
Eswatini
33%
Grenada
33%
Guyana
33%
Kosovo
33%
Latvia
33%
Maldives
33%
Republic of the Congo
33%
San Marino
33%
Tanzania
33%
Vanuatu
33%
Vatican City
33%
Zimbabwe
33%
Malaysia
30%
Albania
29%
Armenia
29%
Austria
29%
Cape Verde
29%
El Salvador
29%
Kiribati
29%
Saint Kitts and Nevis
29%
Afghanistan
25%
Antigua and Barbuda
25%
Burkina Faso
25%
Burundi
25%
Guinea
25%
Italy
25%
Kenya
25%
Laos
25%
Luxembourg
25%
Niger
25%
Oman
25%
Palau
25%
Rwanda
25%
Serbia
25%
South Sudan
25%
Tajikistan
25%
Turkey
25%
Ghana
22%
Jamaica
22%
Moldova
22%
Algeria
20%
Angola
20%
Bahrain
20%
Brunei
20%
Cyprus
20%
Czech Republic
20%
East Timor
20%
Kuwait
20%
Malta
20%
Mauritania
20%
Montenegro
20%
North Macedonia
20%
Romania
20%
Samoa
20%
Taiwan
20%
Trinidad and Tobago
20%
Turkmenistan
20%
Uzbekistan
20%
Yemen
20%
Gabon
17%
Kyrgyzstan
17%
Malawi
17%
Marshall Islands
17%
Namibia
17%
Portugal
17%
Syria
14%
Zambia
14%
Ivory Coast
13%
Nauru
13%
Liechtenstein
11%
Mauritius
11%
Slovakia
11%
Poland
10%
Barbados
0%
Chad
0%
Dominica
0%
Equatorial Guinea
0%
Estonia
0%
Greece
0%
Guinea-Bissau
0%
Indonesia
0%
Liberia
0%
Lithuania
0%
Monaco
0%
Nigeria
0%
Panama
0%
Papua New Guinea
0%
Qatar
0%
Saint Lucia
0%
Saint Vincent and the Grenadines
0%
Sierra Leone
0%
Singapore
0%
Somalia
0%
Tuvalu
0%
Ukraine
0%
No matching quizzes found
Score Distribution
Percent of People with Each Score
Percentile by Number Answered
Your Score History
You have not taken this quiz